|
|
|
|
| LEADER |
00000nam a2200000 a 4500 |
| 001 |
vtls001450988 |
| 003 |
SK-MaSNL |
| 005 |
20260301073126.0 |
| 008 |
240318s1975 xx 0 und |
| 035 |
|
|
|a SNK000406283
|
| 040 |
|
|
|a SNK
|b slo
|c SNK
|e AACR2
|
| 100 |
1 |
|
|a Chlumský, Vladimír,
|d 1911-1981
|4 aut
|9 100518
|
| 245 |
1 |
0 |
|a Kpmpresory, chladící a pneumatické stroje
|
| 260 |
|
|
|a Praha
|b České vysoké učení technické
|c 1975
|
| 300 |
|
|
|a 118 s.
|
| 958 |
|
|
|a OND
|
| 999 |
|
|
|c 643199
|d 645129
|
| 952 |
|
|
|t P60, <04>, [BOOK], {604}
|a SNK
|b SNK
|y VYP
|7 0
|p 17A0376317
|o snkIB 32292
|0 0
|1 0
|4 0
|d 2003-03-07
|l 0
|r 2005-01-02 00:00:00
|w 2026-02-23
|